000 00717nam a2200217 a 4500
001 000028396
003 DO-SdBNP
005 20220812113731.0
007 ta
008 110408s1939 dr c 000 0 spa d
040 _aDO-SdBNP
_bspa
_cBNPHU
082 _a923.2
_bR696
245 0 0 _aCentenario de ML. Rodríguez Objio :
_b1838-1938 /
260 _aCiudad Trujillo, República Dominicana :
_bImprenta J. R. Vda. García,
_c1939.
300 _a39 p. :
_bretr., ;
_c24 cm.
500 _aEl ejemplar 3 fue dedicado por familiar apellido Objio a Federico Henríquez y Carvajal.
590 _aInventariado, 2022/ YL
600 4 _9887
_aRodríguez Objío, Manuel,
_d1838-1871
910 _aYLockward
942 _2ddc
_cLF2
999 _c27888
_d27888